Rate Your Music's Top 100 Albums - Statistics

General Stats
  • This quiz has been taken 4,250 times
    202 since last reset
  • The average score is 29 of 100
Answer Stats
# Year Artist Album % Correct
9 1973 Pink Floyd The Dark Side of the Moon
84%
2 1997 Radiohead OK Computer
73%
11 1969 The Beatles Abbey Road
71%
53 1968 The Beatles The Beatles [White Album]
71%
42 1967 The Beatles Sgt. Pepper's Lonely Hearts Club Band
63%
1 2015 Kendrick Lamar To Pimp a Butterfly
63%
59 1991 Nirvana Nevermind
61%
16 1966 The Beatles Revolver
59%
13 1972 David Bowie The Rise and Fall of Ziggy Stardust and the Spiders From Mars
58%
4 1975 Pink Floyd Wish You Were Here
56%
3 2007 Radiohead In Rainbows
54%
7 2000 Radiohead Kid A
54%
17 1970 Black Sabbath Paranoid
53%
73 1971 Led Zeppelin Led Zeppelin [IV]
51%
29 1966 The Beach Boys Pet Sounds
50%
6 2012 Kendrick Lamar good kid, m.A.A.d city
48%
23 1977 Pink Floyd Animals
47%
70 1993 Nirvana In Utero
47%
98 1970 Black Sabbath Black Sabbath
46%
5 1969 King Crimson In the Court of the Crimson King
46%
26 1976 Stevie Wonder Songs in the Key of Life
46%
32 2004 Kanye West The College Dropout
45%
43 1971 Marvin Gaye What's Going On
43%
46 2016 Frank Ocean Blonde
41%
30 2010 Kanye West My Beautiful Dark Twisted Fantasy
41%
15 1994 Nas Illmatic
40%
80 1967 The Doors The Doors
40%
40 1986 The Smiths The Queen Is Dead
40%
8 2004 Madvillain Madvillainy
38%
99 1986 Metallica Master of Puppets
38%
20 1967 The Velvet Underground & Nico The Velvet Underground & Nico
38%
68 1994 Jeff Buckley Grace
36%
34 1993 Wu-Tang Clan Enter the Wu-Tang (36 Chambers)
33%
55 2016 David Bowie ★ [Blackstar]
31%
25 1959 Miles Davis Kind of Blue
31%
27 2019 Tyler, the Creator Igor
30%
37 1998 Neutral Milk Hotel In the Aeroplane Over the Sea
29%
62 1977 David Bowie Low
29%
12 1980 Talking Heads Remain in Light
29%
61 1985 Kate Bush Hounds of Love
28%
76 2005 Kanye West Late Registration
28%
77 1968 The Jimi Hendrix Experience Electric Ladyland
27%
10 1991 My Bloody Valentine Loveless
27%
66 1970 Miles Davis Bitches Brew
26%
86 1966 Bob Dylan Blonde on Blonde
26%
97 2001 The Strokes Is This It
26%
47 1979 Joy Division Unknown Pleasures
26%
21 1989 The Cure Disintegration
25%
63 2005 Sufjan Stevens Illinois
25%
44 2001 Daft Punk Discovery
24%
65 1965 Bob Dylan Highway 61 Revisited
24%
82 1984 Metallica Ride the Lightning
24%
18 2001 Björk Vespertine
24%
36 1972 Nick Drake Pink Moon
23%
85 1975 Bob Dylan Blood on the Tracks
22%
90 1980 Joy Division Closer
22%
31 1990 Cocteau Twins Heaven or Las Vegas
22%
22 1965 John Coltrane A Love Supreme
21%
33 1994 Portishead Dummy
21%
60 2004 MF DOOM Mm.. Food
21%
24 1974 King Crimson Red
21%
39 1993 Slowdive Souvlaki
21%
78 1994 Nine Inch Nails The Downward Spiral
21%
49 2016 Danny Brown Atrocity Exhibition
20%
75 1989 Pixies Doolittle
20%
72 2006 J Dilla Donuts
19%
14 2000 Godspeed You Black Emperor! Lift Yr. Skinny Fists Like Antennas to Heaven
19%
64 1977 Television Marquee Moon
19%
38 2012 Death Grips The Money Store
19%
74 2022 Black Country, New Road Ants From Up There
18%
79 1998 Massive Attack Mezzanine
18%
35 1991 Slint Spiderland
18%
50 1991 A Tribe Called Quest The Low End Theory
18%
91 1998 OutKast Aquemini
17%
51 1997 Godspeed You Black Emperor! F#A#∞
17%
100 1973 Stevie Wonder Innervisions
16%
81 1976 David Bowie Station to Station
16%
41 2001 The Microphones The Glow Pt. 2
16%
58 2008 Have a Nice Life Deathconsciousness
15%
57 1972 Yes Close to the Edge
14%
48 1997 Elliott Smith Either / Or
14%
45 1997 Björk Homogenic
14%
28 1996 Fishmans Long Season
14%
54 1992 Aphex Twin Selected Ambient Works 85-92
14%
89 2015 Sufjan Stevens Carrie & Lowell
13%
67 1996 DJ Shadow Endtroducing.....
13%
69 1971 Black Sabbath Master of Reality
13%
19 1963 Mingus The Black Saint and the Sinner Lady
13%
84 2024 Magdalena Bay Imaginal Disk
11%
71 1996 Swans Soundtracks for the Blind
11%
83 1991 Talk Talk Laughing Stock
9%
92 1992 Sade Love Deluxe
9%
94 1993 A Tribe Called Quest Midnight Marauders
9%
93 2000 The Avalanches Since I Left You
9%
52 1969 Miles Davis In a Silent Way
7%
96 2003 Sweet Trip Velocity : Design : Comfort
7%
95 1972 Milton Nascimento & Lô Borges Clube da Esquina
5%
87 1995 Death Symbolic
5%
88 1969 Pharoah Sanders Karma
4%
56 1999 Fishmans 98.12.28 男達の別れ (98.12.28 Otokotachi no Wakare)
3%
No matching quizzes found
Score Distribution
Percent of People with Each Score
Percentile by Number Answered
Your Score History
You have not taken this quiz since the last reset